000
00241nam a2200097Ia 4500
001
726471
005
20250826163429.0
008
250824s9999 xx 000 0 und d
245
0
_a
BARAJ
_c
RAMAZAN YASİN GÜNEY
260
_b
ATLIKARINCA YAYINLARI
999
_c
726471
_d
726471